[Event "Maia op"]
[Site "Maia"]
[Date "2024.08.29"]
[Round "7"]
[White "Neto, Dinis Fonseca"]
[Black "Alvarez Pampillon, Antonio"]
[Result "0-1"]
[WhiteElo "1785"]
[BlackElo "2107"]
[PlyCount "80"]
[EventDate "2024.08.23"]
[EventType "swiss"]
[EventRounds "9"]
[EventCountry "POR"]
[SourceTitle "CBM 221 Extra"]
[Source "ChessBase"]
[SourceDate "2024.09.30"]
[SourceVersion "1"]
[SourceVersionDate "2024.09.30"]
[SourceQuality "1"]

1. e4 e6 2. d4 d5 3. exd5 exd5 4. Bd3 Nc6 5. Ne2 Bg4 6. c3 Bd6 7. f3 Bh5 8. Bf4 Nge7 9. Nd2 f6 10. Nf1 g5 11. Bxd6 Qxd6 12. Neg3 Bg6 13. Ne3 0-0-0 14. Qc2 Qf4 15. Qd2 Rhe8 16. 0-0-0 Na5 17. Ngf5 Nxf5 18. Nxf5 Nc4 19. Bxc4 dxc4 20. Ng3 c5 21. Qxf4 gxf4 22. Ne4 Bxe4 23. fxe4 cxd4 24. Rxd4 Rxd4 25. cxd4 Rxe4 26. Rf1 Rxd4 27. Rf3 Kc7 28. Rh3 Rd7 29. Rh4 Rg7 30. Rxf4 Rxg2 31. Rxc4+ Kd6 32. Rh4 Rg7 33. Kd2 Ke5 34. Ke3 f5 35. a3 Rc7 36. Kf3 Kf6 37. Ra4 a6 38. h3 Kg5 39. Rb4 b5 40. a4 Rc4 0-1

[Event "Maia op"]
[Site "Maia"]
[Date "2024.08.28"]
[Round "6"]
[White "Cramling Bellon, Anna"]
[Black "Neto, Dinis Fonseca"]
[Result "0-1"]
[WhiteElo "2045"]
[BlackElo "1785"]
[PlyCount "75"]
[EventDate "2024.08.23"]
[EventType "swiss"]
[EventRounds "9"]
[EventCountry "POR"]
[SourceTitle "CBM 221 Extra"]
[Source "ChessBase"]
[SourceDate "2024.09.30"]
[SourceVersion "1"]
[SourceVersionDate "2024.09.30"]
[SourceQuality "1"]

1. d4 Nf6 2. c4 e6 3. Nc3 d5 4. Nf3 Be7 5. g3 0-0 6. Bg2 b6 7. 0-0 Bb7 8. b3 Nbd7 9. Bb2 Ne4 10. Nxe4 dxe4 11. Nd2 f5 12. e3 c5 13. Qe2 Qc7 14. f3 exf3 15. Bxf3 Bxf3 16. Nxf3 Nf6 17. Ng5 Qc8 18. Rad1 h6 19. Nf3 Ne4 20. d5 exd5 21. cxd5 Qc7 22. Ne5 Nd6 23. Ng6 Rf7 24. Be5 Qd7 25. Qh5 Bg5 26. Rf3 Re8 27. h4 Bf6 28. Bxd6 Qxd6 29. Qxf5 Rd7 30. Kf2 b5 31. Qf4 Qa6 32. Rd2 c4 33. bxc4 bxc4 34. e4 c3 35. e5 cxd2 36. exf6 Qf1+ 37. Kxf1 d1Q+ 38. Kf2 0-1

[Event "POR-chT Blitz"]
[Site "Viseu"]
[Date "2022.06.12"]
[Round "3.8"]
[White "Pipiras, Filipa Fortuna"]
[Black "Neto, Dinis Fonseca"]
[Result "1-0"]
[WhiteElo "2139"]
[BlackElo "1194"]
[PlyCount "63"]
[EventDate "2022.06.12"]
[EventType "team-swiss (blitz)"]
[EventRounds "7"]
[EventCountry "POR"]
[SourceTitle "CBM 208 Extra"]
[Source "ChessBase"]
[SourceDate "2022.07.31"]
[SourceVersion "1"]
[SourceVersionDate "2022.07.31"]
[SourceQuality "1"]
[WhiteTeam "Porto Colegio Efanor"]
[BlackTeam "O Amanha da Crianca"]
[WhiteTeamCountry "POR"]
[BlackTeamCountry "POR"]

1. d4 Nf6 2. c4 e6 3. Nc3 Bb4 4. Qc2 d5 5. cxd5 Bxc3+ 6. bxc3 exd5 7. Bg5 c6 8. e3 Be6 9. Bd3 Nbd7 10. Ne2 0-0 11. Bxh7+ Kh8 12. Bd3 Qc7 13. f4 Rfe8 14. f5 Bxf5 15. Bxf5 Rxe3 16. Bxe3 Ne4 17. Bxe4 dxe4 18. Qxe4 Nf6 19. Qh4+ Kg8 20. 0-0 Re8 21. Bf4 Qd7 22. Be5 c5 23. Bxf6 gxf6 24. Nf4 cxd4 25. cxd4 Qxd4+ 26. Kh1 Re4 27. Qg3+ Kf8 28. Rad1 Qb6 29. Nd5 Qd8 30. Nxf6 Qc7 31. Qg8+ Ke7 32. Qe8# 1-0